Bulvárlap a háborúban Az Est 1914 és 1920 között /

Elmentve itt :
Bibliográfiai részletek
Szerző: Kozma Dávid
További közreműködők: Hász-Fehér Katalin (Témavezető)
Dokumentumtípus: Szakdolgozat
Megjelent: 2022
Tárgyszavak:
Online Access:http://diploma.bibl.u-szeged.hu/136662
LEADER 00718nta a2200193 i 4500
001 dipl136662
005 20230728081514.0
008 230728s2022 hu om 0|| hun d
040 |a SZTE Diploma Repozitórium  |b hun 
041 |a hun 
100 1 |a Kozma Dávid 
245 1 0 |a Bulvárlap a háborúban  |h [elektronikus dokumentum] :  |b Az Est 1914 és 1920 között /  |c Dávid Kozma 
246 1 0 |a Tabloid in the war: Az Est between 1914 and 1920  |h [elektronikus dokumentum] 
260 |c 2022 
650 4 |a Bölcsészettudományok 
650 4 |a Humanities 
650 4 |a History and archaeology 
700 2 |a Hász-Fehér Katalin  |e ths 
856 4 0 |u https://diploma.bibl.u-szeged.hu/id/eprint/136662/1/2022_kozma_david.pdf  |z Dokumentum-elérés